000 00952nam a2200241 a 4500
001 80198
003 BD-RjUL
005 20220814095243.0
008 220814s2011 bg ||||| m||| 00| 0 eng d
035 _a(BD-RjUL)80198
040 _aBD-RjUL
_beng
_cBD-RjUL
_dBD-RjUL
041 _aeng
082 _a297.770954923
_bAMG 2011
_223
100 _aAmin, A. F. M. Ruhul
_91165
245 0 1 _aGrowth and Expansion of Islamic Education in Noakhali District (1821-1971 A.D.) /
_cA. F. M. Ruhul Amin ;
_6Supervisor : A K M Yaqub Ali
260 _aRajshahi :
_bInstitute of Bangladesh Studies, University of Rajshahi,
_c2011
300 _aix, 296 Leaves ;
_c29 cm.
502 _aThesis (Ph. D.) -- Institute of Bangladesh Studies, University of Rajshahi, 2011
504 _aBibliography : Leaves [271]-294
650 _aIslamic Education
_vExpansion
_x1821-1971 A.D.
_zNoakhali District
_94371
700 _aAli, A K M Yaqub, Supervisor
_91167
942 _2ddc
_cTHE
999 _c80198
_d80198